| 000 | 00826nam a2200229 a 4500 | ||
|---|---|---|---|
| 001 | 31519 | ||
| 003 | BD-RjUL | ||
| 005 | 20211209051718.0 | ||
| 008 | 140420r19531926enk 000 0 eng d | ||
| 035 |
_aOCLC ocm01442956 from D950111M _a(BD-RjUL)31607 |
||
| 040 |
_aIXA _cIXA _dAZU _dEQO _dBD-RjUL _beng |
||
| 041 | 1 |
_aeng _hmul |
|
| 082 | 4 |
_a229 _bAPO 1953 |
|
| 090 |
_aBS1692 _b1926 |
||
| 245 | 1 | 4 |
_aThe Apocrypha / _ctranslated out of the Greek and Latin tongues; being the version set forth A.D. 1611 compared with the most ancient authorities and revised A.D. 1894. |
| 260 |
_aLondon : _bOxford University Press, H. Milford, _c1926 [Reprinted 1953]. |
||
| 300 |
_a433 p. ; _c16 cm. |
||
| 650 | 7 |
_a Micmac language -- Texts. _995940 |
|
| 830 | 0 |
_v294 _995946 |
|
| 830 | 0 |
_aWorld's classics ; _995947 |
|
| 942 |
_2ddc _cBK |
||
| 999 |
_c31519 _d31519 |
||